000 00847nam a22002777a 4500
001 9995
003 FISKH
005 20260324163436.0
008 260324b cb ||||| |||| 00| 0 eng d
020 _a0590410490
040 _aFISKH
_beng
_cFISKH
_dFISKH
050 _aPZ8 .S265
082 _a398.2
100 _aSaunders , Susan
245 _aThe golden goose /
_cby Susan Saunders : pictures by Isadore Seltzer
260 _aNew York :
_bScholastic ,
_c1987 .
300 _a29 unnumbered pages :
_bcolor illustrations ;
_c20 cm .
505 _aK
520 _aSimpleton's generosity helps him gain a princess for his bride.
521 8 _a510
_bLexile estimate
521 8 _aK
_bRaz-Plus
650 _aGeese
_vChildren's Book
700 _aSeltzer , Isadore
_eIllustrator
942 _2ddc
_cBK
_n0
999 _c9995
_d9995